What We Must Know About Communism /

Enregistré dans:
Détails bibliographiques
Auteur principal: Overstreet, Harry A. (autor)
Autres auteurs: Overstreet, Bonaro (autor) (autor)
Format: Livre
Langue:anglais
Publié: Nueva York, EUA : Norton, 1958, c1958
Tags: Ajouter un tag
Pas de tags, Soyez le premier à ajouter un tag!

MARC

LEADER 00000nam^a2200000^a^4500
001 000557703
005 20250521000000.0
009 20260310131805.485
037 |a Acervo ITESO - Biblioteca 
041 |a ING 
091 |a FGM. 00434 
100 |a Overstreet, Harry A.  |e (autor) 
245 1 0 |a What We Must Know About Communism / 
264 4 |a Nueva York, EUA :  |b Norton,  |c 1958, c1958 
300 |a 348 p. 
336 |a texto  |b txt  |2 rdacontenido 
337 |a sin mediación  |b n  |2 rdamedio 
338 |a volumen  |b nc  |2 rdasoporte 
649 |a XX 
700 |a Overstreet, Bonaro  |e (autor) 
910 |a Fondo Efraín González Morfín 
920 |a Impresos - Libros 
930 |a Fondos Especiales 
905 |a 130 
901 |a 0500391013  |b IT2  |c ESL  |i D91101  |u 20250521 
902 |a https://opac.biblio.iteso.mx/vufind/Record/000557703